Statistics for Can you guess these Taylor Swift songs from one line?

Click here to take the quiz!

General Stats

  • This quiz has been taken 425 times
  • The average score is 11 of 18

Answer Stats

HintAnswer% Correct
Cuz darling I'm a nightmare dressed like a daydreamBlank Space
93%
Forgetting him is like trying to remember someone you never metRed
87%
Got nothing in my brainShake It Off
86%
Wearing a gown shaped like a pastrySpeak Now
81%
Strangers silence makes me wanna take the stairsOurs
75%
He always said he didn't get this song, but I do, I doBegin Again
72%
The way you move is like a full on rainstormSparks Fly
72%
Nothing lasts forever, but this is gonna tear me downWildest Dreams
69%
Salt in the sound like you're laughing right at meBad Blood
69%
But I miss screaming and fighting and kissing in the rainThe Way I Loved You
62%
Something's made your eyes go coldHaunted
55%
And you might think I'm bulletproof, but I'm notTell Me Why
48%
Feeling like there's nothing to figure outFifteen
43%
And when you take, you take the very best of meCold As You
39%
And all my walls stood tall painted blueEverything Has Changed
36%
And I'm tired of being last to knowYou're Not Sorry
31%
Talk to the man with the reasons whyCome In With The Rain
29%
Dreaming dreams with happy endingsEyes Open
17%

Score Distribution

Percentile by Number Answered

Percent of People with Each Score

Your Score History

You have not taken this quiz